Sinh thái và môi trường trong dệt nhuộm

Salvato in:
Dettagli Bibliografici
Autore principale: Đặng Trấn Phòng
Natura: Libro
Lingua:Vietnamese
Pubblicazione: Khoa học kỹ thuật 2005
Soggetti:
Tags: Aggiungi Tag
Nessun Tag, puoi essere il primo ad aggiungerne! !
Thư viện lưu trữ: Mạng thư viện Đại học Đà Nẵng
LEADER 01065nam a2200349 a 4500
001 000003194
003 02710
005 20171229145311.0
008 171229s2005 vie
040 |a LSK 
041 0 |a VIE 
082 0 |a 628.5  |b ĐĂ-P 
100 1 |a Đặng Trấn Phòng 
245 0 0 |a Sinh thái và môi trường trong dệt nhuộm 
260 |b Khoa học kỹ thuật  |c 2005 
300 |a 383 pages  |c 24 cm. 
653 |a Sinh thái 
653 |a Môi trường 
653 |a Dệt 
653 |a Nhuộm 
852 |a Phòng Đọc - Phòng Mượn 
901 |a 20 
927 |a Sách tham khảo 
OWN |a LSK 
AVA |a UDN50  |b LSK  |d 628.5 ĐĂ-P  |e check_holdings  |t Error 5003 Not defined in file expand_doc_bib_avail.  |h N  |k 1 
999 |a From the UDN01 
AVA |a UDN50  |b LSK  |d 628.5 ĐĂ-P  |e available  |t Error 5001 Not defined in file expand_doc_bib_avail.  |f 20  |g 0  |h N  |i 0  |k 1 
TYP |a Monograph 
TYP |a Printed language 
980 |a Mạng thư viện Đại học Đà Nẵng